Дело о выдаче иностранным артистам билетов на жительство

Доступно только в Электронных читальных залах Найти на картеНа карте
RUSMARC
00003622nmc2a22000003x 450
00193fbb79f-f323-41e8-b98f-e3ae223584a7
00520181004213142.0
100##$a20161214l18141815k l0rusy0189 ca
1010#$arus
102##$aRU
2001#$aДело о выдаче иностранным артистам билетов на жительство
$j31 декабря 1814 г. - 12 августа 1815 г.
251##$cДело
300##$aДело
801#0$aRU
$bРГИА
$c20161214
$gRCR
801#1$aRU
$bГлавНИВЦ
$c20161214
$2rusmarc
801#2$aRU
$bПБ им. Б.Н. Ельцина
$c20181004
$gRCR
$2rusmarc
850##$aРГИА
852##$aРГИА
$eФедеральное казенное учреждение "Российский государственный исторический архив" (РГИА)
$j1381
937##$hРГИА
$d12236195
$aASBIBLIO_SCAN
462#0$1001dd3991dc-24e1-42ec-8838-ca4255420416
$12001
$a1746-1850 гг.
$1251
$cОпись
$1852
$j1
461#0$10019264ebf8-de62-4f1a-9eb4-9f22098dbbd5
$12001
$aДирекция императорских театров МИДв
$1251
$cФонд
$1852
$j497
215##$a99 л.
$d36,5х26 см
$cрис.
371##$aДокумент не является опубликованным и широко распространяемым
105##$aa###
1222#$ad
035##$a93fbb79f-f323-41e8-b98f-e3ae223584a7
856##$uhttp://readingroom.main.prlib.ru/item.aspx?id_node=n118905432&mode=full
Формат отображения